000 00605nam a2200205 i 4500
001 105743
003 ES-MaACL
007 t|
008 060816s1957 ag ||||1| spa d
080 _a821.134.2(728.6)-31"19"
100 1 _aFallas, Carlos Luis.
_9215310
245 1 0 _aMarcos Ramímrez (aventuras de un muchacho)
_b: novela /
_cCarlos Luis Fallas.
260 _aBuenos Aires :
_bPlatina,
_c[1957]
300 _a200 p. ;
_c20 cm.
490 1 _aMeridión
500 _aBiblioteca Juan Andrade.
830 0 _aMeridión
_9232770
852 _aES-MaACL
_jAND-567
_bR.109866
999 _c105743
_d105743